MARC

Tag First Indicator Second Indicator Subfields
LEADER 00000cas a2200000 a 4500
001 in00004331920
005 20200901130017.0
008 890310d19581968nyubr p 0 a0eng c
010 |a sn 95020330  
035 |a (OCoLC)ocm19339600 
040 |a UIU  |b eng  |c UIU  |d DLC  |d OCLCQ  |d ILLAM  |d OCLCQ  |d HLS  |d OCLCF  |d YUS  |d TXA 
035 |a (OCoLC)19339600 
042 |a pcc 
092 0 |a 779.2305  |b YO  |2 19 
090 |a TR681.M4  |b Y68 
049 |a TXAM 
245 0 4 |a The young physique. 
264 1 |3 <June 1959->:  |a Union City, N.J. :  |b Body Beautiful Publications 
264 2 1 |3 <Feb. 1961->:  |a Union City, N.J. :  |b Bodybuilder Publications, Inc. 
264 3 1 |3 <Jan. 1963->:  |a New York, N.Y. :  |b Young Physique Publications 
300 |a volumes :  |b illustrations ;  |c 28 cm. 
310 |a Bimonthly 
336 |a text  |b txt  |2 rdacontent 
337 |a unmediated  |b n  |2 rdamedia 
338 |a volume  |b nc  |2 rdacarrier 
362 1 |a Began with v. 1, no. 1 (Aug. 1958); ceased with v. 8, no. 2 (May 1968)? 
588 |a Description based on: Vol. 4, no. 5 (Jan. 1963); title from cover. 
588 |a Latest issue consulted: Vol. 5, no. 5 (Mar./Apr. 1964). 
500 |a The Cushing Library/Women & Gender Studies copies were acquired as part of The Don Kelly Research Collection of Gay Literature and Culture.  |5 TXA 
541 0 |a Donated by Don Kelly  |d 20140909, 20141205, 20141229, 20150212, 20150505, 20150929, 20151110, 20160201 
541 0 |a Donated by Don Kelly  |d 20140909, 20141205, 20141229, 20150212, 20150505, 20150929, 20151110, 20160201, 20160915, 20171030 
650 0 |a Photography of men  |v Periodicals. 
650 0 |a Photography of bodybuilders  |v Periodicals. 
650 0 |a Photography of the nude  |v Periodicals. 
650 0 |a Gay erotic photography  |v Periodicals. 
650 7 |a Photography of bodybuilders.  |2 fast  |0 (OCoLC)fst01061893 
650 7 |a Photography of men.  |2 fast  |0 (OCoLC)fst01061922 
655 7 |a Periodicals.  |2 fast  |0 (OCoLC)fst01411641 
655 7 |a Erotica.  |2 rbgenr 
850 |a NIC 
994 |a C0  |b TXA 
948 |a cataloged  |b h  |c 2020/8/25  |d c  |e nbehmer  |f 9:26:42 am 
999 f f |s 54f3729a-dce2-3a0f-961c-f80649e8c1b0  |i d4951f31-e55f-3784-b00e-b8acfd73650d  |t 0 
952 f f |p noncirc  |a Texas A&M University  |b College Station  |c Cushing Memorial Library & Archives  |d Cushing: Women & Gender Studies (Does not check out)  |t 0  |e TR681.M4 Y68  |h Library of Congress classification  |i unmediated -- volume 
998 f f |a TR681.M4 Y68  |s v.3:no.5 (1961:Oct.)-v.8:no.2 (1968:May) < v.3:no.6 incorrectly called v.3:no.5 >  |t 0  |l Cushing: Women & Gender Studies (Does not check out)